| 000 | 00329nam a2200133Ia 4500 | ||
|---|---|---|---|
| 005 | 20260328101446.0 | ||
| 008 | 260328s9999||||xx |||||||||||||| ||und|| | ||
| 100 | _aLicht, Fred | ||
| 245 | 0 |
_aTauromaquia : _b Goya - Picasso / _cFred Licht |
|
| 260 | _bArthur Ross Foundation | ||
| 300 | _a69 p. | ||
| 650 | _aPINTURA | ||
| 942 | _cBK | ||
| 999 |
_c8470 _d8470 |
||